| 000 | 00392nam a2200145Ia 4500 | ||
|---|---|---|---|
| 008 | 240729s9999 xx 000 0 und d | ||
| 022 | _a1734-6460 | ||
| 245 | 0 | _aOncology in Clinical Practice | |
| 260 | _aPoland | ||
| 260 | _bVM Media sp. z o.o. VM Group sp.k. | ||
| 650 | _aMedicine | ||
| 856 | _uhttps://doaj.org/toc/2b5bace73c9c42c7923ae42316526d3e | ||
| 942 | _2ddc | ||
| 942 | _cDOAJEJ | ||
| 999 |
_c69371 _d69371 |
||
| 945 |
_a1 _bMadushi Gamage _c1 _dMadushi Gamage |
||